• 首页
  • 本馆介绍
  • 公告通知
  • 最新文献
  • 馆藏检索
  • 电子资源
  • 读者导购
  • 参考咨询
  • 我的图书馆
  • 登录
  • 详细信息显示
  • 放入我的书架
  • 预约/预借图书
  • 作者相关作品
  • 分类相关作品
  • 丛书相关作品
  • 出版社相关作品

书目信息

  • 表格格式
  • 工作单格式
  • 卡片格式
题名:
线性规划原理及应用
    
 
作者: 姜衍智 编
分册:  
出版信息: 西安   陕西科学技术出版社  1985
页数: 238页
开本: 20cm
丛书名:
单 册:
中图分类: O221.1
科图分类:
主题词: 线性规划
电子资源:
ISBN:
000 00613nam0 2200229 45
001 0185009738
005 20060808155208.06
010    @dCNY1.75
091    @a15202.86
100    @a19900918d1985 em y0chiy0121 ea
101 0  @achi
102    @aCN@b610000
105    @ay z 000yy
200 10 @a线性规划原理及应用@Axian xing gui hua yuan li ji ying yong@f姜衍智编
210    @a西安@c陕西科学技术出版社@d1985
215    @a238页@d20cm
606    @a线性规划
690    @aO221.1@v3
701  0 @a姜衍智@Ajiang yan zhi@4编
801  2 @aCN@bNLC@c20060808
801  0 @aCN@b深圳图书馆@c20040520
905    @dO221.1@e38
    
    线性规划原理及应用/姜衍智编.-西安:陕西科学技术出版社,1985
    238页;20cm
    
    
    ISBN :CNY1.75
    
●
相关链接 在E读中查询图书 在五车中查询图书 在当当中查询图书 在豆瓣中查询图书


正题名:线性规划原理及应用     索取号:O221.1/38         预约/预借

序号 登录号 条形码 馆藏地/架位号 状态 备注
1 0140056   001936579   第三借阅区/ [索取号:O221.1/38] 在馆    
2 0140057   001444002   第三借阅区/ [索取号:O221.1/38] 在馆    
3 0140058   202099987   第二样本阅览室/ [索取号:O221.1/38] 在馆    
4 0141201   001443879   第三借阅区/ [索取号:O221.1/38] 在馆    
5 0141202   001444039   第三借阅区/ [索取号:O221.1/38] 在馆    
6 0449838   204498383   密集书库/ [索取号:O221.1/38] 在馆    
7 0449839   204498392   密集书库/ [索取号:O221.1/38] 在馆    
唐山师范学院图书馆 欢迎您!
大连网信软件有限公司© 版权所有